000 00591nam a22002057a 4500
999 _c9141
_d9141
003 AR-CdUCM
008 190327b ||||| |||| 00| 0 spa d
040 _aMUNICIPALIDAD PROVINCIAL DEL CUSCO
_cBIBLIOTECA MUNICIPAL DEL CUSCO
082 _a866.73 /
_bI26
100 _aIcaza, Jorge
_9485
245 _aCholos /
260 _aQuito :
_bRomero,
_c1938.
300 _a244 páginas ;
_c23 cm.
505 _aContenido : Pequeñas diferencias -- Tornan al nido ...
650 _aLiteratura
_983
650 _aCholos
_925175
650 _aEcuador
_910121
942 _2ddc
_cLIBROS
945 _arah